000 01492cam a2200373 i 4500
001 61335
003 Mx-PuUPA
005 20240814114617.0
008 140708s2012 sp a r 000 0 spa d
020 _a9688872881 (ISBN 10)
020 _a9788425216435 (ISBN 13)
_q13 reimpresión
040 _aMx-PuUPA
_bspa
_cMx-PuUPA
_dMx-PuUPA
_erda
041 1 _aspa
_heng
100 1 _aWong, Wucius,
_eautor
_99891
_d1936-
240 1 0 _aPrinciples of form and design.
_f1993.
_lEspañol
245 1 0 _aFundamentos del diseño /
_cWucius Wong ; versión castellana de Homero Alsina y Eugeni Rosell i Miralles.
250 _a1a edición
264 3 1 _aBarcelona :
_bGustavo Gili,
_c1995
300 _a348 páginas :
_bilustraciones ;
_c24 cm.
336 _atexto
_2rdacontent
_btxt
337 _asinmediación
_2rdamedia
_bn
338 _avolumen
_2rdacarrier
_bnc
490 0 _aGG Diseño
545 _aReimpresión: (2a edición, 1998 ; 3a edición, 2001 ; 13a tirada, 2012).
650 0 _aDiseño gráfico
_xEstudio y enseñanza
650 0 _aDiseño gráfico
_xFilosofía y teoría
700 1 _aAlsina Thevenet, Homero,
_etraductor
700 1 _aRosell i Miralles, Eugeni,
_etraductor
765 1 8 _aWong, Wucius,
_tPrinciples of form and design
_dNew York : Van Nostrand Reinhold, 1993
_z9688872881
942 _2ddc
_cLI
_h745.401
_iW872
999 _c61335
_d61335